000 01362nam a2200337Ia 4500
001 ebr10464091
003 CaPaEBR
006 m u
007 cr cn|||||||||
008 060119s2006 enk sb 001 0 eng d
020 _z9781855753884
020 _z185575388X
040 _aCaPaEBR
_cCaPaEBR
035 _a(OCoLC)727951636
050 1 4 _aBF175.5.I53
_bC53 2006eb
082 0 4 _a616.8914
_222
100 1 _aClark, Margaret,
_d1938-
245 1 0 _aUnderstanding the self-ego relationship in clinical practice
_h[electronic resource] :
_btowards individuation /
_cMargaret Clark.
260 _aLondon ;
_aNew York :
_bKarnac,
_c2006.
300 _axvi, 118 p.
490 1 _aSociety of Analytical Psychology monograph series
504 _aIncludes bibliographical references (p. 105-111) and index.
533 _aElectronic reproduction.
_bPalo Alto, Calif. :
_cebrary,
_d2011.
_nAvailable via World Wide Web.
_nAccess may be limited to ebrary affiliated libraries.
650 0 _aIndividuation (Psychology)
650 0 _aSelf.
650 0 _aClient-centered psychotherapy.
655 7 _aElectronic books.
_2local
710 2 _aebrary, Inc.
830 0 _aSociety of Analytical Psychology monograph series.
856 4 0 _uhttp://site.ebrary.com/lib/rucke/Doc?id=10464091
_zAn electronic book accessible through the World Wide Web; click to view
999 _c129804
_d129804